[Event "Montenegro Festival Mix-01 2021"]
[Site "Podgorica"]
[Date "2021.03.25"]
[Round "9.5"]
[White "Delchev, Aleksander"]
[Black "Alivodic, Dario"]
[Result "1/2-1/2"]
[WhiteElo "2526"]
[BlackElo "2189"]
[Annotator "TA"]
[PlyCount "116"]
[EventDate "2021.02.26"]
[EventType "swiss"]
[EventCountry "MNE"]
[SourceTitle "playchess.com"]
[Source "ChessBase"]
[SourceQuality "1"]

{[%evp 14,116,0,0,29,-34,15,21,44,0,0,-29,-29,-29,11,0,0,0,0,-30,4,-15,0,0,0,0,0,0,29,25,90,89,92,97,165,154,146,119,119,119,119,119,167,181,177,106,106,104,119,99,102,110,172,110,141,152,239,217,221,206,256,232,245,205,256,273,254,249,358,336,329,293,398,396,392,351,335,293,268,184,187,17,17,17,33,33,37,36,32,30,45,21,72,0,0,0,0,0,0,0,0,0,0,0,0]} 1. c4 e6 2. g3 d5 3. Bg2 Nf6 4. Nf3 d4 5. O-O c5 6. e3 Nc6 7. exd4 cxd4 8. d3 Be7 {A13: English Opening: 1...e6.} 9. Bf4 ({White should play} 9. Na3 $11) 9... O-O 10. Ne5 Bd7 {[#]} 11. Nxd7 $146 (11. Nd2 {is interesting.} a5 12. Re1 Bc5 13. Ndf3 h6 14. h4) ({Predecessor:} 11. Nd2 Ne8 12. Ndf3 f6 13. Nxd7 Qxd7 14. Bh3 Bd6 15. Bxd6 Qxd6 16. b4 Nxb4 17. Qb3 {1-0 (61) Elsness,F (2506)-Royset,P (2215) Norway 2012}) 11... Nxd7 12. Na3 Bxa3 13. bxa3 Qe7 14. Rb1 Nc5 15. Re1 Rfe8 16. h4 Qd7 17. h5 h6 18. Rb5 b6 19. Bxc6 Qxc6 20. Be5 {Threatens to win with Qg4!} f6 21. Bxd4 e5 (21... a6 $11 22. Rb2 Rad8 23. Bxc5 Qxc5) 22. Bxc5 $16 bxc5 23. Qg4 Red8 (23... a6 $16 24. Rb3 Rab8) 24. Reb1 $18 Rac8 25. Rb7 {[%csl Gb7][%cal Rg4g7]} Rc7 26. Rb8 Rcd7 27. Kh2 $40 {[%mdl 128] White has strong attack.} Kh8 28. a4 Qc7 {[#]} 29. Rxd8+ (29. a5 $1 $18 {[%mdl 512]}) 29... Rxd8 {[%mdl 4096] Endgame KQR-KQR} 30. Rb3 Rb8 31. Qe6 Rxb3 32. axb3 $16 {KQ-KQ} a5 (32... Kh7 $16) 33. Qe8+ Kh7 34. Qb5 Kh8 (34... f5 $16 35. Qa6 f4 36. Qg6+ Kh8 37. Qe8+ Kh7) 35. Kg1 $18 Kh7 36. Kf1 Kg8 37. Ke2 Kh8 38. Kd2 Kh7 39. Kc2 Kh8 40. f4 Kh7 (40... exf4 $142 41. Qe8+ Kh7) 41. fxe5 fxe5 42. Qe8 Qd6 {[#]} 43. Qa8 $1 Qc7 44. Qd5 Kh8 45. Kd2 Qb6 46. Qxe5 Qxb3 47. Qe8+ $2 (47. Qxc5 $18 Qxa4 48. Qb6) 47... Kh7 $11 48. Ke3 {next Qe4+ is good for White.} Qc3 49. Qe4+ Kh8 50. Kf4 Qf6+ 51. Qf5 {Strongly threatening Qxf6.} Qd6+ 52. Qe5 Qc6 53. Ke3 ({White should try} 53. Qe7 $16) 53... Qxa4 {The position is equal.} 54. Qxc5 Qa1 {( -> ...Qg1+)} 55. Qc8+ Kh7 56. c5 Qe5+ 57. Kf2 Qd4+ 58. Kg2 {Qf5+ is the strong threat.} Qxd3 {Black escapes into a draw.  Weighted Error Value: White=0.20/Black=0.21} 1/2-1/2

[Event "Montenegro Festival Mix-01 2021"]
[Site "Podgorica"]
[Date "2021.03.25"]
[Round "9.7"]
[White "Djurovic, Peko"]
[Black "Djukic, Nikola"]
[Result "0-1"]
[WhiteElo "2062"]
[BlackElo "2521"]
[Annotator "TA"]
[PlyCount "76"]
[EventDate "2021.02.26"]
[EventType "swiss"]
[EventCountry "MNE"]
[SourceTitle "playchess.com"]
[Source "ChessBase"]
[SourceQuality "1"]

{[%evp 9,76,4,43,-20,0,-9,8,0,20,-22,-20,-19,-24,-26,0,0,0,-14,-18,-16,-15,-16,-22,-21,0,-14,-14,-32,-16,-7,0,0,16,0,0,0,0,0,0,0,0,0,0,-2,0,-32,-20,-114,-114,-112,-110,-268,-264,-309,-319,-338,-251,-264,-278,-449,-446,-708,-712,-599,-533,-500,-498,-909,-512]} 1. e4 c5 2. Nf3 Nc6 3. Bb5 g6 4. O-O Bg7 5. c3 a6 6. Be2 {B31: Sicilian: 2...Nc6 3 Bb5 g6.} (6. Bxc6 $14 dxc6 7. d4) 6... d5 7. exd5 Qxd5 8. Na3 {The position is equal.} Nf6 9. d4 (9. Nc4 {seems wilder.} Qd8 10. d3 b5 11. Ncd2 b4 12. Nb3) 9... cxd4 {[#]} 10. Nxd4 $146 ({Predecessor:} 10. cxd4 O-O 11. h3 b5 12. Be3 Bb7 13. Nb1 Rfd8 14. a4 Ne4 15. axb5 axb5 16. Rxa8 Bxa8 {½-½ (23) Schreiner,W (1879)-Bigalke,S (1761) Mecklenburg VP 2006}) 10... Nxd4 11. cxd4 O-O 12. Bf3 Qd8 13. Bf4 Nd5 14. Be5 Be6 15. Bxg7 Kxg7 16. Qe2 Qd7 17. Rfe1 Rad8 18. Rad1 Rfe8 19. Nc4 Kg8 20. Ne5 Qc7 21. h4 Nf6 22. h5 Bd5 23. hxg6 hxg6 24. Bxd5 Rxd5 25. Qf3 Qd6 26. Re4 Rd8 27. Qf4 Kg7 28. Rde1 (28. Rd3 $11 {keeps the balance.} Rh8 29. a3) 28... Rxd4 $17 29. Rxd4 Qxd4 30. Qg5 {[#] This costs White the game.} (30. Qxd4 $17 {was necessary.} Rxd4 31. Kf1) 30... Rd5 $19 31. Nf3 Qxb2 ({Not} 31... Rxg5 32. Nxd4 e6 33. Re2 $17) 32. Qf4 Rd7 33. Qc4 b5 34. Qc5 {[#]} (34. Qb3 {is a better defense.} Qxb3 35. axb3) 34... Qxa2 {Black is clearly winning.} 35. Rxe7 (35. Ne5 $142 Rd6 36. Nf3) 35... Rxe7 36. Qxe7 Ng4 37. Qe1 Qb2 38. Nd2 (38. Kf1 $142 a5 39. Qd2 Qb1+ 40. Qe1 Qd3+ 41. Qe2) 38... Qe5 {Weighted Error Value: White=0.46/Black=0.10} 0-1

[Event "Montenegro Festival Mix-01 2021"]
[Site "Podgorica"]
[Date "2021.03.25"]
[Round "9.8"]
[White "Vujovic, Savo"]
[Black "Sukovic, Andrej"]
[Result "1/2-1/2"]
[WhiteElo "2187"]
[BlackElo "2282"]
[Annotator "RC"]
[PlyCount "96"]
[EventDate "2021.02.26"]
[EventType "swiss"]
[EventCountry "MNE"]
[SourceTitle "playchess.com"]
[Source "ChessBase"]
[SourceQuality "1"]
[TimeControl "40/5400+30:900+30"]

1. d4 {[%emt 0:00:00]} Nf6 {[%emt 0:00:00]} 2. c4 {[%emt 0:00:00]} g6 {[%emt 0:00:00]} 3. Nc3 {[%emt 0:00:05]} Bg7 {[%emt 0:00:00]} 4. e4 {[%emt 0:00:05]} d6 {[%emt 0:00:05]} 5. Nf3 {[%emt 0:00:12]} O-O {[%emt 0:00:09]} 6. Be2 {[%emt 0:00:03]} e5 {[%emt 0:01:43]} 7. O-O {[%emt 0:00:08]} Nc6 {[%emt 0:04:00]} 8. d5 {[%emt 0:00:21]} Ne7 {[%emt 0:00:08]} 9. Ne1 {[%emt 0:00:12]} Nd7 {[%emt 0:00:08]} 10. Be3 {[%emt 0:00:06]} f5 {[%emt 0:00:06]} 11. f3 {[%emt 0:00:02]} f4 {[%emt 0:00:10]} 12. Bf2 {[%emt 0:00:05]} g5 {[%emt 0:00:12]} 13. Nb5 {[%emt 0:00:52]} Nf6 {[%emt 0:08:01]} 14. Nxa7 {[%emt 0:03:03]} Bd7 {[%emt 0:01:03]} 15. Nb5 {[%emt 0:09:28]} g4 {[%emt 0:00:00]} 16. Nd3 {[%emt 0:03:03]} Ng6 {[%emt 0:01:33]} 17. Qe1 {[%emt 0:00:57]} gxf3 {[%emt 0:12:11]} 18. Bxf3 {[%emt 0:01:38]} Ng4 {[%emt 0:00:08]} 19. Kh1 {[%emt 0:07:13]} Kh8 {[%emt 0:06:25]} 20. Qe2 {[%emt 0:21:12]} Qc8 {[%emt 0:15:12]} 21. a4 {[%emt 0:07:28]} Bh6 {[%emt 0:05:25]} 22. Na7 {[%emt 0:02:47]} Nxf2+ {[%emt 0:01:07]} 23. Qxf2 {[%emt 0:00:06]} Qd8 {[%emt 0:05:32]} 24. Nb5 {[%emt 0:06:59]} Rg8 {[%emt 0:03:52]} 25. c5 {[%emt 0:02:56]} Bf8 {[%emt 0:00:28]} 26. cxd6 {[%emt 0:02:03]} Bxd6 {[%emt 0:05:14]} 27. Nc5 {[%emt 0:01:52]} Bc8 {[%emt 0:01:55]} 28. Ne6 {[%emt 0:01:23]} Bxe6 {[%emt 0:01:35]} 29. dxe6 {[%emt 0:00:05]} Nh4 {[%emt 0:01:07]} 30. Rfd1 {[%emt 0:01:13]} Qe7 {[%emt 0:04:15]} 31. Rac1 {[%emt 0:01:56]} Rad8 {[%emt 0:08:44]} 32. Rg1 {[%emt 0:14:07]} Nxf3 {[%emt 0:05:17]} 33. gxf3 {[%emt 0:00:12]} Rxg1+ {[%emt 0:00:09]} 34. Qxg1 {[%emt 0:00:12]} Qxe6 {[%emt 0:00:10]} 35. Nxc7 {[%emt 0:05:33]} Qh3 {[%emt 0:00:26]} 36. Nd5 {[%emt 0:01:16]} Qxf3+ {[%emt 0:00:29]} 37. Qg2 {[%emt 0:00:04]} Qh5 {[%emt 0:03:02]} 38. Rg1 {[%emt 0:02:05]} Qf7 {[%emt 0:00:12]} 39. b4 {[%emt 0:00:00]} Be7 {[%emt 0:04:25]} 40. a5 {[%emt 0:00:00]} Rf8 {[%emt 0:00:00]} 41. Qf3 {[%emt 0:06:04]} Bd6 {[%emt 0:03:19]} 42. b5 {[%emt 0:03:50]} Bc5 {[%emt 0:00:49]} 43. Rg5 {[%emt 0:01:07]} Bd4 {[%emt 0:01:02]} 44. Qg4 {[%emt 0:02:02]} f3 {[%emt 0:04:04]} 45. Rf5 {[%emt 0:00:41]} f2 {[%emt 0:00:41]} 46. Rxf7 {[%emt 0:05:18]} Rxf7 {[%emt 0:00:10]} 47. Qc8+ {[%emt 0:00:10]} Kg7 {[%emt 0:00:04]} 48. Qg4+ {[%emt 0:00:17]} Kh8 {[%emt 0:00:05]} 1/2-1/2